Online
Catalog

¿Qué son las ligas campesinas? / (Record no. 1405)

MARC details
000 -CABECERA
campo de control de longitud fija 00879cam a2200241 a 4500
001 - NÚMERO DE CONTROL
campo de control 000001499
005 - FECHA Y HORA DE LA ÚLTIMA TRANSACCIÓN
campo de control 20200929145611.0
008 - DATOS DE LONGITUD FIJA--INFORMACIÓN GENERAL
campo de control de longitud fija 810730s1963 uy b 000 0 spa
040 ## - FUENTE DE LA CATALOGACIÓN
Centro catalogador/agencia de origen DO-SdBNP
Lengua de catalogación spa
Centro/agencia transcriptor BNPHU
041 17 - CÓDIGO DE LENGUA
Código de lengua del texto/banda sonora o título independiente spa
Código de lengua original eng
082 ## - NÚMERO DE LA CLASIFICACIÓN DECIMAL DEWEY
Número de clasificación 307.7209813
Número de documento/Ítem J94q
100 1# - ENTRADA PRINCIPAL--NOMBRE DE PERSONA
Nombre de persona Juliao, Francisco,
Fechas asociadas al nombre 1915-
9 (RLIN) 4952
240 10 - TÍTULO UNIFORME
Título uniforme Que são as ligas camponesas?.
Lenguaje de la obra portugues
245 11 - MENCIÓN DE TÍTULO
Título ¿Qué son las ligas campesinas? /
Mención de responsabilidad, etc. Francisco Juliao ; traducción de Ana María Chiesa de Rama.
260 ## - PUBLICACIÓN, DISTRIBUCIÓN, ETC.
Lugar de publicación, distribución, etc. Montevideo :
Nombre del editor, distribuidor, etc. Arca,
Fecha de publicación, distribución, etc. 1963.
300 ## - DESCRIPCIÓN FÍSICA
Extensión 187 p. ;
Dimensiones 19 cm.
440 #0 - MENCIÓN DE SERIE/PUNTO DE ACCESO ADICIONAL--TÍTULO
Título Hora de Latinoamérica
9 (RLIN) 4953
534 ## - NOTA SOBRE LA VERSIÓN ORIGINAL
Frase introductoria Título original en portugues:
Mención de título del original Que são as ligas camponesas?
504 ## - NOTA DE BIBLIOGRAFÍA, ETC.
Nota de bibliografía, etc. Incluye referencias bibliográficas
651 #4 - PUNTO DE ACCESO ADICIONAL DE MATERIA--NOMBRE GEOGRÁFICO
Nombre geográfico Brasil
Subdivisión general Condiciones Rurales
9 (RLIN) 4954
651 #4 - PUNTO DE ACCESO ADICIONAL DE MATERIA--NOMBRE GEOGRÁFICO
Nombre geográfico Brasil
Subdivisión general Condiciones Sociales
9 (RLIN) 4955
700 1# - PUNTO DE ACCESO ADICIONAL--NOMBRE DE PERSONA
Nombre de persona Chiesa de Rama, Ana María,
Numeración tr.
9 (RLIN) 4956
Holdings
Estado de retiro Estado de pérdida Restricciones de uso No para préstamo Código de colección Localización permanente Ubicación/localización actual Ubicación en estantería Fecha de adquisición Número de inventario Total de préstamos Signatura topográfica completa Código de barras Fecha visto por última vez Precio válido a partir de Tipo de ítem Koha
    Préstamo interno   Monografías: Libros y Folletos General General Depósito 30.06.2009 LF1   307.7209813 J94q 1499-10 25.06.2020 25.06.2020 Préstamo interno

Powered by Koha